01483nam a2200205Ia 450000500170000000800410001702000250005802000280008302000280011104000790013904100080021810000200022624500670024625000110031326000460032430000220037050508340039265000310122670000200125720240626111033.0130821s2010 xxu gr eng  a0205292534 (3a. Ed.) a9781538171493 (7a. Ed.) a9780131892613 (4a. Ed.) aCo-BoUCMbspacDavid Moreno (modificó)dAldemar Mondragón (modificó)00aeng1 aViotti, Paul R.10aInternational relations theorycPaul R. Viotti, Mark V. Kauppi a7a ed. aNueva York (Estados Unidos)bLogmanc2023 axv, 462 Páginas rThinking about IR theory -- Part I. The intellectual roots of international relations theory -- The ancients : Greek, Chinese, and Indian thought -- Greco-Roman thought and the Middle Ages -- The rise of the state and modern political thought -- Part II. Images of international relations theory -- Realism : the state and balance of power -- Liberalism : interdependence and global governance -- Economic structuralism : global capitalism and postcolonialism -- The English school : international society and Grotian rationalism -- Part III. Interpretive understandings and normative considerations -- Constructivist understandings -- Positivism, critical theory, and postmodern understandings -- Feminist understandings in IR theory -- Green theory and environmental understandings -- Normative IR theory : ethics and morality.04aRelaciones internacionales1 aKauppi, Mark V.